Guy Sebastian Discography - Statistics

General Stats
  • This quiz has been taken 7 times
  • The average score is 8 of 13
Answer Stats
Type Year Name % Correct
Album 2009 Like It Like That
100%
Album 2004 Beautiful Life
80%
Album 2017 Conscious
80%
Album 2014 Madness
80%
Compilation 2010 Twenty Ten
80%
Album 2012 Armageddon
60%
Album 2003 Just as I Am
60%
EP 2016 Part 1
60%
Album 2007 The Memphis Album
60%
Album 2006 Closer to the Sun
40%
Live Album 2008 The Memphis Tour
40%
EP 2007 Your Song
40%
EP 2009 Guy Sebastian EP
20%
No matching quizzes found
Score Distribution
Percent of People with Each Score
Percentile by Number Answered
Your Score History
You have not taken this quiz